Granada la bella / (Registro nro. 68053)

Detalles MARC
000 -LEADER
campo de control de longitud fija 00730nam a2200205 i 4500
001 - NÚMERO DE CONTROL
campo de control 68053
003 - IDENTIFICADOR DE NÚMERO DE CONTROL
campo de control ES-MaACL
005 - FECHA Y HORA DE LA ÚLTIMA TRANSACCIÓN
campo de control 20231124062956.0
007 - CAMPO FIJO DE DESCRIPCIÓN FÍSICA--INFORMACIÓN GENERAL
campo de control de longitud fija t|
008 - DATOS DE LONGITUD FIJA--INFORMACIÓN GENERAL
campo de control de longitud fija 040217s1913 sp |||| | spa d
100 1# - ENTRADA PRINCIPAL--NOMBRE DE PERSONA
Nombre de persona Ganivet, Ángel,
Fechas asociadas al nombre 1865-1898
9 (RLIN) 53864
245 10 - MENCIÓN DEL TÍTULO
Título Granada la bella /
Mención de responsabilidad, etc. por Ángel Ganivet ; precedida de un estudio sobre Ganivet por Francisco Seco de Lucena ; y un prólogo por Rafael Gago Palomo.
260 ## - PUBLICACIÓN, DISTRIBUCIÓN, ETC.
Lugar de publicación, distribución, etc. Granada :
Nombre del editor, distribuidor, etc. [s.n.,
Fecha de publicación, distribución, etc. 1913] (
Fabricante El Defensor de Granada)
300 ## - DESCRIPCIÓN FÍSICA
Extensión 134 p. ;
Dimensiones 23 cm.
651 #4 - PUNTO DE ACCESO ADICIONAL DE MATERIA--NOMBRE GEOGRÁFICO
Nombre geográfico Granada-
Subdivisión general Descripción.
9 (RLIN) 8768
700 1# - ENTRADA AGREGADA--NOMBRE PERSONAL
Nombre de persona Seco de Lucena, Francisco.
9 (RLIN) 105049
700 1# - ENTRADA AGREGADA--NOMBRE PERSONAL
Nombre de persona Gago Palomo, Rafael.
9 (RLIN) 53238
852 ## - LOCALIZACIÓN
Ubicación ES-MaACL
Número de control de estantería T-1376-F-1
Existencias
Estatus retirado Estado de pérdida Estado de daño No para préstamo Colección Biblioteca de origen Biblioteca actual Ubicación en estantería Fecha de adquisición Fuente de adquisición Total de préstamos Signatura topográfica completa Código de barras Visto por última vez Precio de reemplazo Tipo de ítem Koha
        Colección de folletos Biblioteca del Ateneo de Madrid Biblioteca del Ateneo de Madrid Depósito folletos 17/01/2008     T-1376-F-1 1071246 23/02/2023 23/02/2023 Folleto